00985nam a22002655a 450000500170000000800410001702000180005802000150007604000280009108200190011910000190013824501360015725000260029326000450031930000390036450000300040365000370043365000250047065100100049565300230050570000260052894200080055499900170056295201400057920201128021528.0150823r20142002ii a fr 000 0 eng d a9789350143766 a8185749760 aEG-ScBUEbengcEG-ScBUE04222a628.1bLAL1 aLal, D.93888610aWater supply and waste water engineering : b(with practicals) in s.i. for civil engineering students /cby D. Lal, A. K. Upadhyay. a2nd. ed., Reprint ed. aNew Delhi :bS.K. Kataria & Sons,c2014. a(various paging) :bill. ;c24 cm. aReprinted of the 2002 ed. 02BUEshaWaterxsupply engineering 0aWaterxsupply2BUEsh 2BUEsh bENGGENcAugust20151 aUpadhyay, A. K.92001 2ddc c20667d20639 00102ddc40708BaccahaMAINbMAINc1STd2015-08-23ePurchaseg126.00h21761l0o628.1 LALp000039032r2025-07-15 00:00:00v158.00yBB